000
00297nam a22001217a 4500
040
_c
RUA
082
_a
SUP THO 2013 C051 Or.
100
_a
THO KIM EANG,
245
_a
The Cambodian Agrinatura Research Workshop,
260
_a
PHNOM PENH
_b
RUA
_c
2013
300
_a
129p.
_b
ill.
_c
29cm,
942
_c
REC
999
_c
25481
_d
25481